Catálogo
 En Linea

Iniciación en las técnicas culinarias / (Registro nro. 24137)

Detalles MARC
000 -CABECERA
campo de control de longitud fija 00790nam a2200217 a 4500
001 - NÚMERO DE CONTROL
campo de control 000024644
005 - FECHA Y HORA DE LA ÚLTIMA TRANSACCIÓN
campo de control 20200930023302.0
008 - DATOS DE LONGITUD FIJA--INFORMACIÓN GENERAL
campo de control de longitud fija 110201s2000 mx a r 000 0 spa d
020 ## - NÚMERO INTERNACIONAL ESTÁNDAR DEL LIBRO
Número Internacional Estándar del Libro 9681859545
040 ## - FUENTE DE LA CATALOGACIÓN
Centro catalogador/agencia de origen DO-SdBNP
Lengua de catalogación spa
Centro/agencia transcriptor BNPHU
082 ## - NÚMERO DE LA CLASIFICACIÓN DECIMAL DEWEY
Número de clasificación xxxxx
Número de documento/Ítem M385i
049 ## - FONDOS LOCALES (OCLC)
Fondos de biblioteca BNGR
100 1# - ENTRADA PRINCIPAL--NOMBRE DE PERSONA
Nombre de persona Martínez de Flores Escobar, Graciela
9 (RLIN) 50562
245 10 - MENCIÓN DE TÍTULO
Título Iniciación en las técnicas culinarias /
Mención de responsabilidad, etc. Graciela Martínez de Flores Escobar , marcela Gónzález- Garza Ducoing , Covadonga Torre Marina.
260 ## - PUBLICACIÓN, DISTRIBUCIÓN, ETC.
Lugar de publicación, distribución, etc. México, D. F. :
Nombre del editor, distribuidor, etc. Limusa,
Fecha de publicación, distribución, etc. 2000.
300 ## - DESCRIPCIÓN FÍSICA
Extensión 361 p. :
Otras características físicas il. ;
Dimensiones 23 cm.
500 ## - NOTA GENERAL
Nota general Incluye bibliografía p. [359-361].
500 ## - NOTA GENERAL
Nota general Incluye notas al pie de las páginas.
700 1# - PUNTO DE ACCESO ADICIONAL--NOMBRE DE PERSONA
Nombre de persona González-Garza Ducoing, Marcela
9 (RLIN) 50563
700 1# - PUNTO DE ACCESO ADICIONAL--NOMBRE DE PERSONA
Nombre de persona Torre Marina, Covadonga
9 (RLIN) 50564
Existencias
Estado de retiro Estado de pérdida Restricciones de uso No para préstamo Código de colección Localización permanente Ubicación/localización actual Ubicación en estantería Fecha de adquisición Número de inventario Total de préstamos Signatura topográfica completa Código de barras Fecha visto por última vez Precio válido a partir de Tipo de ítem Koha
        Monografías: Libros y Folletos General General En catalogación 01.02.2011 LF1   xxxxx M385i 24644-10 25.06.2020 25.06.2020 Préstamo en sala

Con tecnología Koha